[Event "GRE-chT U16 14th"]
[Site "Rio Achaia"]
[Date "2022.12.16"]
[Round "2"]
[White "Kallaras, Georgios"]
[Black "Nikolakopoulos, Vasileios"]
[Result "0-1"]
[WhiteElo "1132"]
[BlackElo "1178"]
[PlyCount "100"]
[EventDate "2022.12.15"]
[EventType "team-swiss"]
[EventRounds "6"]
[EventCountry "GRE"]
[SourceTitle "EXT 2024"]
[Source "ChessBase"]
[SourceDate "2023.10.10"]
[SourceVersion "1"]
[SourceVersionDate "2023.10.10"]
[SourceQuality "1"]

1. e4 c5 2. Nf3 d6 3. Bc4 Nc6 4. 0-0 Nf6 5. Re1 g6 6. c3 Bg7 7. d4 cxd4 8. cxd4 0-0 9. Nbd2 d5 10. exd5 Nxd5 11. Nb3 Nb6 12. Be2 Be6 13. Bf4 Bxb3 14. Qxb3 Nxd4 15. Nxd4 Qxd4 16. Be3 Qxb2 17. Qxb2 Bxb2 18. Rab1 Bc3 19. Rec1 Nd5 20. Bh6 Bg7 21. Bxg7 Kxg7 22. Bf3 e6 23. Rxb7 a5 24. g3 Rfc8 25. Re1 Rc2 26. Rxe6 Rc1+ 27. Kg2 Nc7 28. Re7 Rc8 29. Bg4 Kf6 30. Rd7 Kg5 31. Bh3 f5 32. Rxh7 Kf6 33. g4 Nd5 34. Rhf7+ Kg5 35. gxf5 Nf4+ 36. Kg3 Nh5+ 37. Kf3 R1c3+ 38. Ke4 R8c4+ 39. Ke5 Rc5+ 40. Ke6 Nf4+ 41. Kd6 Rc6+ 42. Ke5 Nxh3 43. fxg6 R6c5+ 44. Ke4 R5c4+ 45. Ke5 Nf4 46. h4+ Kg4 47. g7 Ng6+ 48. Kd6 Rd3+ 49. Ke6 Re4+ 50. Kf6 Rd6# 0-1